000 01223nam a22001817a 4500
003 IT-RoPau
005 20220918181102.0
008 130327b xxu||||| |||| 00| 0 eng d
040 _cIT-RoPau
100 _aTeseyra, Fernando
_9507
245 _aDatos y lectura interpretativa al Cuestionario...
_b"Ser San Pablo viviente hoy"
250 _a1° ed
260 _aRoma
_bSSP Casa General
_c2004
300 _a47 pp.
_c21 cm
490 _aSociedad de San Pablo
520 _aĺndice Estadísticas relativas al cuestionario 1. La Congrecación en cifras al 31.12.2003 1.1. Estado personal por franjas de edad y posición jurídica 1.2. Estado personal por posición jurídica y áreas geográficas 1.3. Moviemiento del personal desde 1998 al 2003 1.4. Circunsripciones por posición jurídica y media de edad 1.5. Proyecciones sintéticas 2004-2010 2. Análisis de los resultados de las 28 preguntas del cuestionario 3. Resumen de las reflexiones comunitarias y sugerencias para la Comisión Preparatoria 4. Diferencias significativas en los datos distribuidos por áreas geográficas 5. Diferencias significativas en los datos distribuidos por edad 6. Lectura interpretativa tranversal
942 _2ddc
_cBK
999 _c98296
_d98296